Le nom des habitants par pays #2 - Statistiques

Statistiques générales
  • Ce quiz a été pris 513 fois
  • Le résultat moyen est 15 sur 16
Statistiques - réponses
Pays Gentilé % Correct
Algérie Algérien
100%
Allemagne Allemand
100%
Bolivie Bolivien
100%
Chili Chilien
100%
Egypte Égyptien
100%
Portugal Portugais
100%
Russie Russe
100%
Indonésie Indonésien
99%
Cameroun Camerounais
98%
Inde Indien
98%
Méxique Mexicain
98%
Jordanie Jordanien
97%
Namibie Namibien
96%
Luxembourg Luxembourgeois
95%
Ouganda Ougandais
94%
Qatar Qatarien
73%
Aucun quiz correspondant
Distribution des résultats
% des personnes avec chaque résultat
Percentile par nombre de réponses
Votre historique - résultats
Vous n’avez pas pris ce quiz